Score 0/21 Timer 03:00
0 Plays Today
Clue 4-Letter Word % Correct
Pair of organs for sound detectionEARS
91.4%
Female pals, informallyGALS
87%
Stitches together fabricSEWS
86%
Vocalizes like a kittenMEWS
84.6%
Destination of NASA's Opportunity and SpiritMARS
83.9%
❄ 'Frozen' character voiced by Dazeem ❄❄ EALS ❄ (ELSA)
83.2%
Surname of Oz visitor DorothyGALE
82.2%
Brazilian footballer of famePELÉ
80.7%
Semi-aquatic lizard-like amphibianNEWT
80.3%
❄ Direction of Dazeem's 'Wicked' character ❄❄ SEWT ❄ (WEST)
78.6%
Pointed finger of a forkTINE
78.4%
Clue 4-Letter Word % Correct
Information to help make a guess (much like this)HINT
78.3%
❄ Musical FOX show featuring Dazeem ❄❄ GELE ❄ (GLEE)
77.7%
Gaping gullets of beastsMAWS
76.7%
Undressed animal skinPELT
76.3%
Shady variation of a hueTINT
76%
'Cagney & Lacey' actress DalyTYNE
69.3%
❄ Award Dazeem won for her role in 'Wicked' ❄❄ TYNO ❄ (TONY)
68.6%
❄ 2014 Broadway show starring Dazeem, 'If/____' ❄❄ HENT ❄ (THEN)
65.7%
❄ 1996 Broadway show featuring Dazeem ❄❄ NERT ❄ (RENT)
62.4%
Confined or repressedPENT
61.9%

Today's Daily Dose

Remove Ads.
Support Sporcle.
Get the best of Sporcle when you Go Orange. This ad-free experience offers more features, more stats, and more fun while also helping to support Sporcle. Thank you for becoming a member.

You're not logged in!

Compare scores with friends on all Sporcle quizzes.
OR
Log In

Show Comments

Extras

Top Quizzes Today


Score Distribution

Your Account Isn't Verified!

In order to create a playlist on Sporcle, you need to verify the email address you used during registration. Go to your Sporcle Settings to finish the process.

Report this User

Report this user for behavior that violates our Community Guidelines.

Details: